[Event "RUS-chT rapid"]
[Site "Sochi"]
[Date "2017.10.03"]
[Round "3.4"]
[White "Kamrukov, Alexey"]
[Black "Barskij, Vladimir"]
[Result "1/2-1/2"]
[WhiteElo "2296"]
[BlackElo "2386"]
[PlyCount "110"]
[EventDate "2017.10.03"]
[EventType "team-swiss (rapid)"]
[EventRounds "9"]
[EventCountry "RUS"]
[SourceTitle "EXT 2018"]
[Source "ChessBase"]
[SourceDate "2017.10.13"]
[SourceVersion "1"]
[SourceVersionDate "2017.10.13"]
[SourceQuality "1"]
[WhiteTeam "Novosibirsk Technical Univ"]
[BlackTeam "Moscow Gogol Mogol"]
[WhiteTeamCountry "RUS"]
[BlackTeamCountry "RUS"]

1. d4 Nf6 2. c4 e6 3. Nf3 d5 4. Nc3 Be7 5. e3 0-0 6. Bd3 dxc4 7. Bxc4 a6 8. 0-0 b5 9. Bd3 Bb7 10. Qe2 c5 11. a3 Nbd7 12. Rd1 Qb6 13. Bc2 Rfd8 14. dxc5 Nxc5 15. Rxd8+ Rxd8 16. e4 Ncxe4 17. Nxe4 Bxe4 18. Bxe4 Nxe4 19. Qxe4 Rd1+ 20. Ne1 Qc6 21. Qe3 Bf6 22. g3 Bd4 23. Qe2 Rxc1 24. Rxc1 Qxc1 25. Qe4 g6 26. Qxd4 Qxe1+ 27. Kg2 h5 28. h4 Qe2 29. Qd8+ Kh7 30. Qa8 Qxb2 31. Qxa6 Qb3 32. Qa7 Qd5+ 33. Kh2 Qf5 34. Qe3 Kg8 35. Qa7 Qd5 36. Qe3 Kg7 37. Qa7 e5 38. Qa6 Qc4 39. Kg2 Qe4+ 40. Kh2 Qe2 41. Kg2 e4 42. Qa7 Qf3+ 43. Kg1 Qd1+ 44. Kg2 Qd5 45. Qe3 Kf6 46. Qb6+ Ke5 47. Kh2 Qc4 48. Kg2 Kf5 49. Qe3 Kf6 50. Qb6+ Kg7 51. Qa7 Qd3 52. Qc5 Qf3+ 53. Kg1 e3 54. Qe5+ Kf8 55. fxe3 Qd1+ 1/2-1/2

[Event "Moscow op-F 13th"]
[Site "Moscow"]
[Date "2017.02.02"]
[Round "7"]
[White "Kamrukov, Alexey"]
[Black "Zakharova, Evgenia"]
[Result "1/2-1/2"]
[WhiteElo "2311"]
[BlackElo "1914"]
[PlyCount "87"]
[EventDate "2017.01.27"]
[EventType "swiss"]
[EventRounds "9"]
[EventCountry "RUS"]
[SourceTitle "CBM 176 Extra"]
[Source "ChessBase"]
[SourceDate "2017.03.02"]
[SourceVersion "1"]
[SourceVersionDate "2017.03.02"]
[SourceQuality "1"]

1. d4 d5 2. c4 dxc4 3. Nf3 Nf6 4. e3 e6 5. Bxc4 a6 6. 0-0 c5 7. dxc5 Bxc5 8. Qe2 Nc6 9. e4 b5 10. Bb3 Bb7 11. e5 Nd5 12. Rd1 Nce7 13. Nc3 Qc7 14. Ne4 0-0 15. Nxc5 Qxc5 16. Bd2 Qb6 17. Bc2 Ng6 18. Bxg6 fxg6 19. Rac1 a5 20. Ne1 b4 21. Nf3 Rad8 22. Ng5 Ba6 23. Qe1 Bd3 24. Be3 Nxe3 25. Qxe3 Qxe3 26. fxe3 Bf5 27. Rxd8 Rxd8 28. e4 Bg4 29. Rc6 h6 30. Nxe6 Rd1+ 31. Kf2 Bxe6 32. Rxe6 Rd2+ 33. Kf3 Rxb2 34. Ra6 Rxa2 35. e6 Kf8 36. Kf4 Rc2 37. Ke5 Rc8 38. Rxa5 Rb8 39. Kd6 b3 40. Ra1 b2 41. Rb1 Ke8 42. Kc7 Rb4 43. Kd6 Rb6+ 44. Kc5 1/2-1/2

[Event "RUS-chT U20"]
[Site "Kolomna"]
[Date "2014.08.06"]
[Round "5"]
[White "Kamrukov, Alexey"]
[Black "Ginosyan, Razmik"]
[Result "1-0"]
[WhiteElo "2093"]
[BlackElo "1998"]
[PlyCount "95"]
[EventDate "2014.08.02"]
[EventType "swiss"]
[EventRounds "9"]
[EventCountry "RUS"]
[SourceTitle "EXT 2016"]
[Source "ChessBase"]
[SourceDate "2015.10.08"]
[SourceVersion "1"]
[SourceVersionDate "2015.10.08"]
[SourceQuality "1"]

1. d4 d5 2. c4 c6 3. Nc3 Nf6 4. Nf3 a6 5. c5 Bf5 6. Bf4 Nbd7 7. h3 e6 8. e3 Be7 9. Be2 0-0 10. 0-0 Qc8 11. Na4 Bd8 12. b4 Bc7 13. Bxc7 Qxc7 14. Nc3 e5 15. dxe5 Nxe5 16. Nd4 Bg6 17. a4 Ne4 18. Nxe4 dxe4 19. Qb3 Qe7 20. Rac1 Kh8 21. Qc3 f5 22. b5 axb5 23. axb5 f4 24. exf4 Rxf4 25. Ra1 Raf8 26. bxc6 bxc6 27. Ra6 Qf7 28. Qe3 Qd5 29. Qxf4 Rxf4 30. Ra8+ Qg8 31. Rxg8+ Kxg8 32. Ra1 Rf8 33. Ra7 Rf7 34. Ra6 Rc7 35. Bd1 h6 36. Ba4 Nd3 37. Ne6 Rc8 38. Bxc6 Bf5 39. Nd4 Bh7 40. Bd5+ Kh8 41. Be6 Re8 42. c6 Nc5 43. Ra5 Nxe6 44. Nxe6 Bg8 45. Nd4 Rc8 46. Rc5 Bf7 47. c7 g6 48. Nb5 1-0

[Event "RUS-chT U20"]
[Site "Kaliningrad"]
[Date "2013.08.03"]
[Round "2"]
[White "Kamrukov, Alexey"]
[Black "Dilmukhametov, Artur"]
[Result "1-0"]
[WhiteElo "2097"]
[BlackElo "2122"]
[PlyCount "63"]
[EventDate "2013.08.02"]
[EventType "team-swiss"]
[EventRounds "9"]
[EventCountry "RUS"]
[SourceTitle "EXT 2018"]
[Source "ChessBase"]
[SourceDate "2017.10.13"]
[SourceVersion "1"]
[SourceVersionDate "2017.10.13"]
[SourceQuality "1"]

1. d4 d5 2. c4 c6 3. Nc3 Nf6 4. Nf3 e6 5. e3 Nbd7 6. Bd3 dxc4 7. Bxc4 b5 8. Bd3 a6 9. e4 c5 10. d5 c4 11. Bc2 Qc7 12. dxe6 fxe6 13. 0-0 Bb7 14. Nd4 Nc5 15. Qe2 Bd6 16. f4 e5 17. Ndxb5 axb5 18. Nxb5 Qb6 19. Nxd6+ Qxd6 20. fxe5 Qxe5 21. Rf5 Qe7 22. Qxc4 Ncd7 23. Bd2 Rc8 24. Qb3 Nc5 25. Qb5+ Qd7 26. Re5+ Kf7 27. Bb3+ Kf8 28. Qxd7 Ncxd7 29. Bb4+ Rc5 30. Bxc5+ Nxc5 31. Rxc5 Nxe4 32. Rc7 1-0

[Event "RUS-chT U20"]
[Site "Kaliningrad"]
[Date "2013.08.02"]
[Round "1"]
[White "Savitskiy, Sergey"]
[Black "Kamrukov, Alexey"]
[Result "1-0"]
[WhiteElo "2379"]
[BlackElo "2097"]
[PlyCount "69"]
[EventDate "2013.08.02"]
[EventType "team-swiss"]
[EventRounds "9"]
[EventCountry "RUS"]
[SourceTitle "EXT 2018"]
[Source "ChessBase"]
[SourceDate "2017.10.13"]
[SourceVersion "1"]
[SourceVersionDate "2017.10.13"]
[SourceQuality "1"]

1. e4 c5 2. Nf3 Nc6 3. Bb5 e6 4. 0-0 Nge7 5. Re1 a6 6. Bf1 d5 7. exd5 Nxd5 8. d4 cxd4 9. Nxd4 Be7 10. Nxc6 bxc6 11. c4 Nf6 12. Qf3 Bd7 13. Nc3 c5 14. Bf4 0-0 15. Be5 Qb6 16. Bd3 Bc6 17. Qh3 h6 18. Rad1 Rfd8 19. Re3 Rd7 20. Rg3 Kf8 21. b3 Bd6 22. f4 Bxe5 23. fxe5 Ne8 24. Rf1 Qc7 25. Qxe6 Re7 26. Qg6 Rxe5 27. Qh7 Ke7 28. Qg8 Qd6 29. Qxf7+ Kd8 30. Bg6 Qd4+ 31. Kh1 Re7 32. Qf8 Re3 33. Rxe3 Qxe3 34. Bxe8 Qxe8 35. Qd6+ 1-0

[Event "Novosibirsk Sukharev Memorial op"]
[Site "Novosibirsk"]
[Date "2012.07.20"]
[Round "3"]
[White "Kamrukov, Alexey"]
[Black "Fedorenko, Viktor"]
[Result "1-0"]
[WhiteElo "2072"]
[BlackElo "1827"]
[PlyCount "109"]
[EventDate "2012.07.18"]
[EventType "swiss"]
[EventRounds "9"]
[EventCountry "RUS"]
[SourceTitle "EXT 2013"]
[Source "ChessBase"]
[SourceDate "2012.11.22"]
[SourceVersion "1"]
[SourceVersionDate "2012.11.22"]
[SourceQuality "1"]

1. d4 Nf6 2. c4 e6 3. Nf3 Bb4+ 4. Bd2 Bxd2+ 5. Qxd2 d5 6. e3 0-0 7. Bd3 c6 8. 0-0 Re8 9. Qc2 h6 10. Nc3 Nbd7 11. Rad1 Qc7 12. Rfe1 dxc4 13. Bxc4 b5 14. Bd3 Qb6 15. b4 Nd5 16. Nxd5 cxd5 17. Rc1 a6 18. Qc6 Qxc6 19. Rxc6 Rb8 20. Rec1 Nb6 21. Rc7 Nc4 22. Ne5 Rb7 23. Rxb7 Bxb7 24. Nd7 Re7 25. Nc5 Bc8 26. a4 Bb7 27. axb5 axb5 28. Ra1 Kf8 29. h3 Bc6 30. Kf1 Rc7 31. Ke2 Ke7 32. f3 g6 33. g4 f5 34. gxf5 exf5 35. Bxc4 bxc4 36. Ra5 Bd7 37. b5 Bc8 38. b6 Rc6 39. b7 Bxb7 40. Ra7 Kf6 41. Rxb7 Kg5 42. Rd7 Kh4 43. Rxd5 Kxh3 44. Re5 h5 45. Re6 Rc7 46. Rxg6 h4 47. Rg5 Kh2 48. Rxf5 Rh7 49. Rg5 Kh1 50. Kd2 c3+ 51. Kxc3 h3 52. Ne4 Re7 53. Kd3 Ra7 54. Nf2+ Kh2 55. Nxh3 1-0

[Event "Novosibirsk Sukharev Memorial op"]
[Site "Novosibirsk"]
[Date "2012.07.19"]
[Round "2"]
[White "Garder, Igor"]
[Black "Kamrukov, Alexey"]
[Result "1-0"]
[WhiteElo "2223"]
[BlackElo "2072"]
[PlyCount "105"]
[EventDate "2012.07.18"]
[EventType "swiss"]
[EventRounds "9"]
[EventCountry "RUS"]
[SourceTitle "EXT 2013"]
[Source "ChessBase"]
[SourceDate "2012.11.22"]
[SourceVersion "1"]
[SourceVersionDate "2012.11.22"]
[SourceQuality "1"]

1. c4 c6 2. d4 d5 3. e3 e6 4. Nf3 f5 5. Nbd2 Nf6 6. Be2 Bd6 7. b3 Nbd7 8. Bb2 0-0 9. 0-0 Ne4 10. Ne5 Nxe5 11. dxe5 Bb4 12. Nf3 g5 13. Qc2 g4 14. Nd4 Qg5 15. a3 Be7 16. b4 Qg6 17. Bd3 Ng5 18. Kh1 Qh6 19. Ne2 Bd7 20. Nf4 Rac8 21. Qb3 Nf7 22. Rac1 Bh4 23. Kg1 Bg5 24. g3 Be7 25. Rfd1 Ng5 26. Be2 Rfd8 27. a4 Be8 28. Bd4 b6 29. cxd5 cxd5 30. b5 Qf8 31. a5 Bc5 32. axb6 axb6 33. Ra1 Qe7 34. Ra6 Rb8 35. Rda1 Rdc8 36. Ra7 Rc7 37. Ra8 Qd8 38. Qa4 Kf7 39. Kg2 Ne4 40. Bxc5 Rxa8 41. Qxa8 Qxa8 42. Rxa8 Rxc5 43. Ra7+ Kg8 44. Nxe6 Rc2 45. Rg7+ Kh8 46. Re7 Rc8 47. Nd4 Nc3 48. Bd3 Bg6 49. Bxf5 Bxf5 50. Nxf5 Nxb5 51. Rb7 Rf8 52. Nd6 Nc3 53. e6 1-0

[Event "Novosibirsk Sukharev Memorial op"]
[Site "Novosibirsk"]
[Date "2012.07.18"]
[Round "1"]
[White "Kamrukov, Alexey"]
[Black "Loginova, Lubov"]
[Result "1-0"]
[WhiteElo "2072"]
[BlackElo "1847"]
[PlyCount "127"]
[EventDate "2012.07.18"]
[EventType "swiss"]
[EventRounds "9"]
[EventCountry "RUS"]
[SourceTitle "EXT 2013"]
[Source "ChessBase"]
[SourceDate "2012.11.22"]
[SourceVersion "1"]
[SourceVersionDate "2012.11.22"]
[SourceQuality "1"]

1. d4 Nf6 2. c4 e6 3. Nf3 d5 4. Nc3 Be7 5. Bg5 0-0 6. e3 h6 7. Bf4 b6 8. cxd5 Nxd5 9. Nxd5 exd5 10. Bd3 Bb4+ 11. Nd2 Bb7 12. 0-0 Nd7 13. Rc1 c5 14. Nf3 c4 15. Bb1 Nf6 16. Qc2 Ne4 17. Qa4 Bd6 18. Bxd6 Nxd6 19. Qc2 Ne4 20. Ne5 f5 21. Qe2 Qg5 22. h4 Qd8 23. Bxe4 fxe4 24. Ng6 Rf6 25. h5 Bc8 26. Nf4 Qd6 27. f3 exf3 28. Qxf3 Be6 29. Rxc4 Raf8 30. Rcc1 Qd7 31. Qg3 Qf7 32. Rfe1 Bf5 33. Rc3 Be4 34. Rec1 Rd6 35. Rc7 Rd7 36. Rxd7 Qxd7 37. Ng6 Bxg6 38. hxg6 Qf5 39. Kh2 a5 40. Qe5 Rf6 41. Qxf5 Rxf5 42. Rc8+ Rf8 43. Rc6 Rf6 44. Rxf6 gxf6 45. e4 Kg7 46. exd5 Kxg6 47. Kg3 Kf7 48. Kf4 Ke7 49. g4 Kd6 50. Kf5 Kxd5 51. Kxf6 Kxd4 52. Kg6 Kd3 53. Kxh6 Kc2 54. g5 Kxb2 55. g6 Kxa2 56. g7 b5 57. g8Q+ Ka3 58. Qg3+ Ka4 59. Qf2 b4 60. Qa2+ Kb5 61. Kg5 a4 62. Kf4 a3 63. Qb3 Kc5 64. Ke4 1-0

[Event "Novosibirsk-ch open"]
[Site "Novosibirsk"]
[Date "2011.10.10"]
[Round "7"]
[White "Gubsky, Egor"]
[Black "Kamrukov, Alexey"]
[Result "0-1"]
[WhiteElo "2001"]
[BlackElo "2032"]
[PlyCount "104"]
[EventDate "2011.09.29"]
[EventType "swiss"]
[EventRounds "9"]
[EventCountry "RUS"]
[SourceTitle "EXT 2012"]
[Source "ChessBase"]
[SourceDate "2011.11.24"]
[SourceVersion "1"]
[SourceVersionDate "2011.11.24"]
[SourceQuality "1"]

1. d4 d5 2. c4 c6 3. Nc3 Nf6 4. Nf3 dxc4 5. a4 Bf5 6. e3 e6 7. Bxc4 Bb4 8. 0-0 Nbd7 9. Qe2 Bg6 10. e4 0-0 11. e5 Nd5 12. Nxd5 cxd5 13. Bd3 Be7 14. Bd2 a5 15. Bc3 Qb6 16. Rfc1 Rfc8 17. Bxg6 hxg6 18. Qd2 Qb3 19. Qe3 Qb6 20. h3 Qa6 21. Qd2 b5 22. axb5 Qxb5 23. Ra2 Nb6 24. Rca1 a4 25. Ne1 Nc4 26. Qd1 a3 27. Nd3 Nb6 28. Qd2 Na4 29. Nc1 Rab8 30. Nd3 Qc4 31. Ba5 Qxd4 32. b4 Nb2 33. Rxa3 Nc4 34. Qc3 Qe4 35. Qb3 Nxa3 36. Rxa3 d4 37. Qb2 Rb5 38. Rb3 Rcb8 39. Kh2 Qd5 40. Ra3 Qc4 41. Qb1 Rc8 42. Qd1 Qd5 43. Qd2 Rb7 44. Qb2 Rd7 45. Qe2 Qb5 46. Ra1 Rc3 47. Rd1 Bd8 48. Bxd8 Rxd8 49. Qe4 Qd5 50. Qe2 Rb8 51. Ra1 Qc4 52. Rd1 Rxb4 0-1

[Event "Novosibirsk Sukharev Memorial op"]
[Site "Novosibirsk"]
[Date "2010.07.19"]
[Round "2"]
[White "Kamrukov, Alexey"]
[Black "Faleev, Vasily"]
[Result "1-0"]
[WhiteElo "2022"]
[BlackElo "1955"]
[PlyCount "53"]
[EventDate "2010.07.18"]
[EventType "swiss"]
[EventRounds "9"]
[EventCountry "RUS"]
[SourceTitle "EXT 2011"]
[Source "ChessBase"]
[SourceDate "2010.11.26"]
[SourceVersion "1"]
[SourceVersionDate "2010.11.26"]
[SourceQuality "1"]

1. d4 d5 2. c4 dxc4 3. e3 e5 4. dxe5 Qxd1+ 5. Kxd1 Be6 6. Nd2 Nc6 7. Ngf3 0-0-0 8. a3 h6 9. Kc2 b5 10. b3 cxb3+ 11. Nxb3 Bf5+ 12. Kb2 Bd3 13. Bxd3 Rxd3 14. Nbd4 Nxd4 15. Nxd4 c5 16. Nxb5 a6 17. Nc3 f6 18. Kc2 Rd7 19. exf6 Nxf6 20. f3 Bd6 21. Bb2 Re8 22. e4 Be5 23. Rad1 Red8 24. Na4 Rxd1 25. Rxd1 Rxd1 26. Kxd1 Bd6 27. e5 1-0